| 000 | 00602nam a22001457a 4500 | ||
|---|---|---|---|
| 020 | _a81-300-0695-2 | ||
| 082 |
_a894.812.3 _bGOP/K |
||
| 100 | _aGOPALAKRISHNAN, ADOOR | ||
| 245 |
_aKODIYETTAM _bNOVEL |
||
| 260 |
_aKOZHIKODE _bPOORNA PUBLICATIONS _c2007 |
||
| 300 | _a144 | ||
| 520 | _aComing of age story of a village simpleton, told through a chain of events and characters often funny and occasionally sad, and his ultimate ascent into the responsibilities of adulthood, is the core storyline. The script by Adoor himself is structurally flawless and often poignant. | ||
| 650 | _aNOVEL | ||
| 942 | _cBK | ||
| 999 |
_c4799 _d4799 |
||